000 00965na a2200265 4500
001 21971
003 MIRAKIL
005 20181213155223.0
008 170209b tu 000 0
040 _aMilas
_btur
_cTR-AnCHP
041 _atur
_aeng
082 _a779.8
_bA55 2014
090 _a779.8 A55 2014
245 _aAmin=Amen
_bGüneydoğu Anadolu'da inançlar ve inanışlar=Faiths and beliefs in Sourth East Anatolia
_bFotoğraf sergisi=Photography exhibition
_cProje yöneticisi Serpil Yıldız; Küratör İbrahim Göğer; fotoğrafçılar A. Kadir Ekinci,...[ve öte.]
260 _aAnkara
_bAFSAD Yayın
_c2014
300 _a502 s.
_bfotğ.
_c28x31 sm.
504 _aKaynakça var.
650 _aİnançlar
_xFotoğraflar
_zGüneydoğu Anadolu Bölgesi
650 _aFotoğraflar
_xSergi katalogları
650 _aFotoğralar
_xDin
700 _aEkinci, A. Kadir
700 _aGöğerİ, brahim
700 _aYıldız, Serpil
942 _2dcc
_cBKS
999 _c8735
_d8735